00529nam a2200181 i 4500001001100000003000500011005001700016008004100033040002500074082001500099245004400114264006900158300002400227336002100251337002500272338002300297650002700320C2-0224216PPAK20180728152827.0000329s1973 ua |||| ||||| | eng d aPPAKbengcPPAKerda04a808.8322300aAfro-Asian short stories ban anthology 1aCairo, Egypt : bPermanent Bureau of Afro-Asian Writers , c1973 a469 pages ; c18 cm 2rdacontentatext 2rdamediaaunmediated 2rdacarrieravolume10aShort stories, English